Novela zákona o distribuci pojištění a zajištění flotilový pojistník jako samostatný zprostředkovatel
Novela zákona č. 170/2018 Sb., ktorá nadobudne účinnosť dňa 1. júla 2025, týkajúca sa flotilového poistenia, teda predaja poistenia poistníkom poistenému.
Gespeichert in:
| 1. Verfasser: | |
|---|---|
| Format: | Buchkapitel |
| Sprache: | Tschechisch |
| Schlagworte: | |
| Tags: |
Keine Tags, Fügen Sie das erste Tag hinzu!
|
MARC
| LEADER | 00000naa a2200000 4500 | ||
|---|---|---|---|
| 001 | 0308089 | ||
| 005 | 20250410124937.9 | ||
| 041 | 0 | |a cze | |
| 044 | |a CZ | ||
| 245 | 1 | 0 | |a Novela zákona o distribuci pojištění a zajištění |b flotilový pojistník jako samostatný zprostředkovatel |c Alexander Kult |
| 520 | |a Novela zákona č. 170/2018 Sb., ktorá nadobudne účinnosť dňa 1. júla 2025, týkajúca sa flotilového poistenia, teda predaja poistenia poistníkom poistenému. | ||
| 610 | 2 | 0 | |a legislatíva |
| 610 | 2 | 0 | |a novelizácia |
| 610 | 2 | 0 | |a poistenie |
| 610 | 2 | 0 | |a zaistenie |
| 610 | 2 | 0 | |a poistenci |
| 610 | 2 | 0 | |a poisťovatelia |
| 100 | 1 | |a Kult, Alexander | |